000 00532nam a2200217Ia 4500
003 OSt
005 20230710145603.0
008 210210b1977 xxu||||| |||| 00| 0 eng d
040 _cAL
041 _aEnglish
082 _a658.001 VARM
100 _aVARSHNEY (R L)
_9126276
245 _aManagerial economics
250 _a5
260 _aNew Delhi.
_bSultan Chand & Sons
_c1977
300 _axii,425,viii
690 _aBusiness Economics
_9126277
700 _aMAHESHWARI (K L)
_9126278
906 _a033377
942 _2ddc
_cBK
999 _c84087
_d84087